[Event "SWE-chT 2324 Elite"]
[Site "Sweden"]
[Date "2023.10.13"]
[Round "1.3"]
[White "Vernersson, Per"]
[Black "Henriksson, Johan"]
[Result "1/2-1/2"]
[WhiteElo "2259"]
[BlackElo "2262"]
[PlyCount "84"]
[EventDate "2023.10.13"]
[EventType "team-tourn"]
[EventRounds "9"]
[EventCountry "SWE"]
[SourceTitle "Mega2024 Update 01"]
[Source "Chessbase"]
[SourceDate "2023.11.12"]
[SourceVersion "1"]
[SourceVersionDate "2023.11.12"]
[SourceQuality "1"]
[WhiteTeam "Eksjo"]
[BlackTeam "Kungstornet"]
[WhiteTeamCountry "SWE"]
[BlackTeamCountry "SWE"]

1. Nf3 d5 2. c4 c6 3. d4 Nf6 4. Nc3 a6 5. cxd5 cxd5 6. Bf4 e6 7. e3 Qb6 8. a3 Bd7 9. Qc2 Nc6 10. Bd3 Rc8 11. h3 Na5 12. 0-0 Bd6 13. Bxd6 Qxd6 14. Ne5 Nc4 15. Bxc4 dxc4 16. Ne4 Nxe4 17. Qxe4 Qd5 18. Qc2 b5 19. Qc3 f6 20. Nxd7 Qxd7 21. a4 Kf7 22. axb5 axb5 23. Ra5 Rc7 24. Rfa1 Rb8 25. Qb4 Qe7 26. Qxe7+ Kxe7 27. Kf1 b4 28. Ke2 c3 29. bxc3 Rxc3 30. R5a2 f5 31. Rb2 Kd6 32. Ra6+ Rc6 33. Ra7 Rc7 34. Rxc7 Kxc7 35. Kd3 Kd6 36. f3 e5 37. Kc4 exd4 38. Kxd4 g5 39. Kc4 Rc8+ 40. Kd4 Rb8 41. Kc4 Rc8+ 42. Kd4 Rb8 1/2-1/2

[Event "Hasselbacken op"]
[Site "Stockholm"]
[Date "2021.11.06"]
[Round "5"]
[White "Henriksson, Johan"]
[Black "Sorensen, Hampus"]
[Result "1/2-1/2"]
[WhiteElo "2227"]
[BlackElo "2377"]
[PlyCount "74"]
[EventDate "2021.11.05"]
[EventType "swiss"]
[EventRounds "8"]
[EventCountry "SWE"]
[SourceTitle "CBM 205 Extra"]
[Source "ChessBase"]
[SourceDate "2022.01.31"]
[SourceVersion "1"]
[SourceVersionDate "2022.01.31"]
[SourceQuality "1"]

1. d4 d5 2. Nf3 e6 3. g3 c5 4. Bg2 Nc6 5. 0-0 Nf6 6. c4 Be7 7. Nc3 dxc4 8. dxc5 Bxc5 9. Qa4 Bd7 10. Qxc4 Be7 11. Rd1 0-0 12. Bf4 Qb6 13. Qb5 Qxb5 14. Nxb5 e5 15. Be3 Rfd8 16. h3 Nb4 17. Na3 e4 18. Nd4 Nbd5 19. Nc4 Nxe3 20. Nxe3 g6 21. Rac1 Rac8 22. Nb3 b6 23. Rxc8 Bxc8 24. Rxd8+ Bxd8 25. Nd2 Bb7 26. Ng4 Nxg4 27. hxg4 e3 28. fxe3 Bc8 29. Bf3 Be6 30. b3 Kf8 31. Nc4 Bc7 32. Kf2 Ke7 33. Nb2 a5 34. Nd3 Kd6 35. Nf4 Kc5 36. Nxe6+ fxe6 37. a4 Kb4 1/2-1/2

[Event "SWE-chT Group 1 Qualifier"]
[Site "Lund"]
[Date "2021.10.01"]
[Round "1.8"]
[White "Van Hengel, Hugo G"]
[Black "Henriksson, Johan"]
[Result "1-0"]
[WhiteElo "2264"]
[BlackElo "2250"]
[PlyCount "75"]
[EventDate "2021.10.01"]
[EventType "team-tourn"]
[EventRounds "3"]
[EventCountry "SWE"]
[SourceTitle "CBM 204 Extra"]
[Source "ChessBase"]
[SourceDate "2021.11.30"]
[SourceVersion "1"]
[SourceVersionDate "2021.11.30"]
[SourceQuality "1"]

1. e4 c6 2. d4 d5 3. e5 Bf5 4. Nf3 e6 5. Be2 Ne7 6. 0-0 Bg6 7. Nbd2 Nd7 8. Nb3 Nf5 9. a4 Rc8 10. a5 a6 11. Re1 Be7 12. c4 dxc4 13. Bxc4 Nh4 14. Nfd2 0-0 15. Ne4 c5 16. Nexc5 Nxc5 17. dxc5 Qxd1 18. Rxd1 Bxc5 19. Nxc5 Rxc5 20. b3 Rxe5 21. f3 Rc8 22. Bf4 Rec5 23. Rd7 e5 24. Be3 R5c7 25. Rad1 h6 26. Bb6 Rxd7 27. Rxd7 Nf5 28. Kf2 Kh7 29. g4 Nd4 30. Rxb7 Bc2 31. Bxa6 Rc3 32. Bxd4 exd4 33. Bc4 Bd1 34. Bd5 Rc5 35. Be4+ g6 36. b4 Rc3 37. Rxf7+ Kg8 38. Rd7 1-0

[Event "Vasteras op"]
[Site "Vasteras"]
[Date "2018.09.30"]
[Round "7"]
[White "Cramling, Pia"]
[Black "Henriksson, Johan"]
[Result "1-0"]
[WhiteElo "2465"]
[BlackElo "2259"]
[PlyCount "71"]
[EventDate "2018.09.28"]
[EventType "swiss"]
[EventRounds "8"]
[EventCountry "SWE"]
[SourceTitle "CBM 186 Extra"]
[Source "ChessBase"]
[SourceDate "2018.08.24"]
[SourceVersion "1"]
[SourceVersionDate "2018.08.24"]
[SourceQuality "1"]

1. c4 c6 2. d4 d5 3. cxd5 cxd5 4. Bf4 e6 5. e3 Bd6 6. Bxd6 Qxd6 7. Nc3 Bd7 8. Bd3 Nf6 9. f4 Nc6 10. Nf3 Nb4 11. Bb1 Qa6 12. Ne5 Rc8 13. a3 Nc6 14. Bd3 Qb6 15. Qe2 Ne7 16. 0-0 g6 17. Qf2 Nf5 18. Rac1 Qd8 19. Rc2 Nd6 20. Rfc1 0-0 21. g4 Rxc3 22. bxc3 Nfe4 23. Bxe4 Nxe4 24. Qe1 f6 25. Nxd7 Qxd7 26. c4 e5 27. Qe2 exf4 28. exf4 Re8 29. cxd5 Nd6 30. Qf3 Qa4 31. Rd2 Re4 32. Rc8+ Kg7 33. Rc7+ Kg8 34. Qh3 h5 35. gxh5 Qe8 36. hxg6 1-0

[Event "SWE-chT 1718 Elite"]
[Site "Sweden"]
[Date "2018.03.18"]
[Round "9.3"]
[White "Gajic, Mladen"]
[Black "Henriksson, Johan"]
[Result "0-1"]
[WhiteElo "2296"]
[BlackElo "2292"]
[PlyCount "140"]
[EventDate "2017.10.20"]
[EventType "team-tourn"]
[EventRounds "9"]
[EventCountry "SWE"]
[SourceTitle "EXT 2019"]
[Source "ChessBase"]
[SourceDate "2018.10.10"]
[SourceVersion "1"]
[SourceVersionDate "2018.10.10"]
[SourceQuality "1"]
[WhiteTeam "Eksjo"]
[BlackTeam "Kungstornet"]
[WhiteTeamCountry "SWE"]
[BlackTeamCountry "SWE"]

1. d4 d5 2. c4 dxc4 3. Nf3 Nf6 4. e3 e6 5. Bxc4 c5 6. 0-0 Nc6 7. Nc3 a6 8. a4 Be7 9. Qe2 0-0 10. Rd1 Qc7 11. h3 b6 12. Bd2 Rd8 13. dxc5 Bxc5 14. Be1 Bb7 15. Rxd8+ Qxd8 16. Rd1 Qe7 17. Bd2 h6 18. e4 Nd4 19. Nxd4 Bxd4 20. e5 Nd7 21. Qg4 Bxe5 22. Bxh6 Bf6 23. Bf1 Ne5 24. Qg3 Qb4 25. Bg5 Bxg5 26. Qxg5 Ng6 27. Bd3 Qf4 28. Qh5 Nf8 29. Bf1 Qb4 30. Qe2 Rc8 31. Rd3 Bc6 32. Qd2 Qe7 33. Rg3 Rd8 34. Qe3 b5 35. axb5 axb5 36. Nxb5 Bxb5 37. Bxb5 Qb4 38. Qc3 Rd1+ 39. Bf1 Qxc3 40. Rxc3 Rb1 41. Rb3 Nd7 42. g3 Kf8 43. Kg2 Nc5 44. Rb5 Na4 45. b4 Nc3 46. Rb8+ Ke7 47. b5 Rb2 48. Rb7+ Kf6 49. Kf3 Nd1 50. Be2 Nc3 51. Bd3 Nd1 52. b6 Nxf2 53. Ba6 Ke5 54. Rxf7 Ne4 55. Rxg7 Rb3+ 56. Kg2 Rb2+ 57. Kg1 Rxb6 58. Bf1 Rb1 59. h4 Rb3 60. g4 Kf4 61. Kh2 Rb2+ 62. Kg1 Kg3 63. Rd7 Nd2 64. Rxd2 Rxd2 65. g5 Kxh4 66. Bc4 Kg3 67. Kf1 Kf3 68. Kg1 e5 69. Kh1 Rd4 70. Be6 Kg3 0-1

[Event "SWE-chT 1718 Elite"]
[Site "Sweden"]
[Date "2018.01.13"]
[Round "4.3"]
[White "Henriksson, Johan"]
[Black "Hedman, Erik"]
[Result "0-1"]
[WhiteElo "2292"]
[BlackElo "2366"]
[PlyCount "138"]
[EventDate "2017.10.20"]
[EventType "team-tourn"]
[EventRounds "9"]
[EventCountry "SWE"]
[SourceTitle "EXT 2019"]
[Source "ChessBase"]
[SourceDate "2018.10.10"]
[SourceVersion "1"]
[SourceVersionDate "2018.10.10"]
[SourceQuality "1"]
[WhiteTeam "Kungstornet"]
[BlackTeam "Stockholm Rockaden"]
[WhiteTeamCountry "SWE"]
[BlackTeamCountry "SWE"]

1. d4 Nf6 2. c4 c5 3. Nf3 cxd4 4. Nxd4 Nc6 5. Nc3 e6 6. g3 Qb6 7. e3 Bb4 8. Bg2 Ne5 9. Qb3 Qc5 10. 0-0 Qxc4 11. Ndb5 0-0 12. f4 Qxb3 13. axb3 Nc6 14. Na4 Rb8 15. Rd1 d5 16. Bd2 Bd7 17. Rac1 Bxd2 18. Rxd2 Na5 19. Nd4 Nxb3 20. Nxb3 Bxa4 21. Nd4 Bd7 22. Nf3 Rfc8 23. Ra1 a6 24. Ne5 Bb5 25. g4 Rc7 26. g5 Nd7 27. Nf3 Nc5 28. Rc2 Rbc8 29. Rac1 a5 30. Nd4 Ba4 31. b3 Bd7 32. e4 dxe4 33. Bxe4 b6 34. f5 exf5 35. Bxf5 Bxf5 36. Nxf5 Rd8 37. Re1 Kf8 38. h4 Rcd7 39. h5 g6 40. hxg6 hxg6 41. Ne3 Kg7 42. Nc4 Rd1 43. Kf1 Nxb3 44. Nxb6 Nd2+ 45. Ke2 Rxe1+ 46. Kxe1 Nf3+ 47. Kf1 Rd1+ 48. Ke2 Rb1 49. Kxf3 Rxb6 50. Ra2 Rb5 51. Kf4 Kf8 52. Rc2 Rf5+ 53. Kg4 Ke7 54. Rc6 Kd7 55. Rc4 Rb5 56. Rd4+ Kc6 57. Rd8 Rf5 58. Ra8 Kb7 59. Rd8 Kb6 60. Rb8+ Kc5 61. Rb7 Kc4 62. Rc7+ Kb3 63. Rb7+ Ka3 64. Ra7 a4 65. Rb7 Ka2 66. Kh4 a3 67. Kg4 Ka1 68. Kh4 a2 69. Kg4 Rf1 0-1

[Event "Vasteras op"]
[Site "Vasteras"]
[Date "2017.10.01"]
[Round "7"]
[White "Kulaots, Kaido"]
[Black "Henriksson, Johan"]
[Result "1-0"]
[WhiteElo "2571"]
[BlackElo "2286"]
[PlyCount "49"]
[EventDate "2017.09.29"]
[EventType "swiss"]
[EventRounds "8"]
[EventCountry "SWE"]
[SourceTitle "EXT 2018"]
[Source "ChessBase"]
[SourceDate "2017.10.13"]
[SourceVersion "1"]
[SourceVersionDate "2017.10.13"]
[SourceQuality "1"]

1. e4 c6 2. d4 d5 3. Nc3 dxe4 4. Nxe4 Nf6 5. Nxf6+ gxf6 6. Nf3 Bg4 7. Be2 Nd7 8. h3 Bh5 9. 0-0 Rg8 10. Be3 Qa5 11. c4 Qf5 12. Kh1 Qe4 13. Bd3 Bxf3 14. Bxe4 Bxd1 15. Rfxd1 h5 16. b4 Rc8 17. b5 e6 18. bxc6 bxc6 19. c5 f5 20. Bf3 h4 21. Rab1 Be7 22. Rb7 Bg5 23. Rxa7 Bxe3 24. fxe3 e5 25. Bxc6 1-0

[Event "SWE-chT 1617"]
[Site "Sweden"]
[Date "2017.03.24"]
[Round "7.4"]
[White "Agrest, Inna"]
[Black "Henriksson, Johan"]
[Result "1-0"]
[WhiteElo "2235"]
[BlackElo "2264"]
[PlyCount "123"]
[EventDate "2016.10.14"]
[EventType "team-tourn"]
[EventRounds "9"]
[EventCountry "SWE"]
[SourceTitle "CBM 177 Extra"]
[Source "ChessBase"]
[SourceDate "2017.04.27"]
[SourceVersion "1"]
[SourceVersionDate "2017.04.27"]
[SourceQuality "1"]
[WhiteTeam "Malmo"]
[BlackTeam "Kungstornet"]
[WhiteTeamCountry "SWE"]
[BlackTeamCountry "SWE"]

1. e4 c6 2. d4 d5 3. f3 e6 4. Nc3 Nf6 5. Be3 Bb4 6. e5 Nfd7 7. a3 Bxc3+ 8. bxc3 c5 9. f4 Qa5 10. Bd2 Qa4 11. Nf3 Nc6 12. Qb1 a6 13. Qb3 Qxb3 14. cxb3 b5 15. Bd3 g6 16. 0-0 h5 17. h3 Rb8 18. Bc2 a5 19. dxc5 Nxc5 20. b4 Nd7 21. Bd3 a4 22. Be3 Ba6 23. g4 hxg4 24. hxg4 Nb6 25. Bc5 Nc4 26. Kg2 Bb7 27. Kg3 Kd7 28. Ng5 Nd8 29. Rfd1 Bc6 30. Rf1 Rb7 31. Bd4 Kc8 32. f5 gxf5 33. gxf5 Rg8 34. Kf4 exf5 35. Bxf5+ Bd7 36. Rh1 Ne6+ 37. Bxe6 Bxe6 38. Rh6 Kd7 39. Rf6 Rg7 40. Nxe6 fxe6 41. Rf8 Kc6 42. Rf6 Rbf7 43. Ra2 Kd7 44. Ra1 Ke7 45. Bc5+ Ke8 46. Rh1 Kd7 47. Rh8 Nb2 48. Bd4 Nd3+ 49. Ke3 Ne1 50. Ra8 Rxf6 51. exf6 Rf7 52. Kf4 Nd3+ 53. Kg5 e5 54. Kg6 exd4 55. cxd4 Rxf6+ 56. Kxf6 Kd6 57. Ra5 Nb2 58. Ra6+ Kc7 59. Ke6 Kb7 60. Ra5 Kb6 61. Kxd5 Nc4 62. Rxa4 1-0

[Event "Vaxjo op"]
[Site "Vaxjo"]
[Date "2017.02.12"]
[Round "7"]
[White "Carlsson, Ludvig"]
[Black "Henriksson, Johan"]
[Result "1/2-1/2"]
[WhiteElo "2093"]
[BlackElo "2279"]
[PlyCount "70"]
[EventDate "2017.02.10"]
[EventType "swiss"]
[EventRounds "8"]
[EventCountry "SWE"]
[SourceTitle "CBM 176 Extra"]
[Source "ChessBase"]
[SourceDate "2017.03.02"]
[SourceVersion "1"]
[SourceVersionDate "2017.03.02"]
[SourceQuality "1"]

1. Nf3 d5 2. c4 c6 3. e3 Nf6 4. Nc3 g6 5. d4 Bg7 6. Be2 0-0 7. 0-0 Be6 8. Qb3 Qc8 9. Bd2 dxc4 10. Bxc4 Bxc4 11. Qxc4 Nbd7 12. Rac1 Nb6 13. Qb3 Qf5 14. Rfd1 Ne4 15. Nxe4 Qxe4 16. a4 Qd5 17. Qb4 Qd7 18. a5 Nd5 19. Qc5 Nc7 20. Bb4 e6 21. Ne5 Qd8 22. Nxc6 bxc6 23. Qxc6 Nd5 24. Bxf8 Bxf8 25. e4 Nf4 26. Rc2 Qg5 27. g3 Qg4 28. Rdd2 Nh3+ 29. Kf1 Rd8 30. Qc7 Rd6 31. Qb8 Qxe4 32. Rc8 Qh1+ 33. Ke2 Qe4+ 34. Kf1 Qh1+ 35. Ke2 Qe4+ 1/2-1/2

[Event "SWE-chT 1617"]
[Site "Sweden"]
[Date "2016.10.16"]
[Round "3.4"]
[White "Henriksson, Johan"]
[Black "Ahlander, Bjorn"]
[Result "0-1"]
[WhiteElo "2264"]
[BlackElo "2407"]
[PlyCount "58"]
[EventDate "2016.10.14"]
[EventType "team-tourn"]
[EventRounds "9"]
[EventCountry "SWE"]
[SourceTitle "EXT 2017"]
[Source "ChessBase"]
[SourceDate "2016.10.25"]
[SourceVersion "1"]
[SourceVersionDate "2016.10.25"]
[SourceQuality "1"]
[WhiteTeam "Kungstornet"]
[BlackTeam "Lunds"]
[WhiteTeamCountry "SWE"]
[BlackTeamCountry "SWE"]

1. d4 c5 2. dxc5 e5 3. Nc3 Nf6 4. Be3 Na6 5. Qd2 Nxc5 6. 0-0-0 Qa5 7. a3 d6 8. g3 Bf5 9. Bg2 Rc8 10. Bxc5 Qxc5 11. Bxb7 Rc7 12. e4 Rxb7 13. exf5 Be7 14. f3 0-0 15. Nge2 Rfb8 16. b4 Qc8 17. Nd5 Nxd5 18. Qxd5 a5 19. bxa5 Bg5+ 20. f4 exf4 21. gxf4 Bxf4+ 22. Nxf4 Qc3 23. Qxb7 Rxb7 24. Nd5 Qxa3+ 25. Kd2 Qxa5+ 26. Ke2 Qa2 27. Ne3 Re7 28. Rxd6 Qxc2+ 29. Kf3 Qe4+ 0-1

[Event "Hasselbacken op"]
[Site "Stockholm"]
[Date "2016.05.06"]
[Round "7"]
[White "Henriksson, Johan"]
[Black "Stark, Lars"]
[Result "1-0"]
[WhiteElo "2208"]
[BlackElo "2409"]
[PlyCount "79"]
[EventDate "2016.04.30"]
[EventType "swiss"]
[EventRounds "9"]
[EventCountry "SWE"]
[SourceTitle "CBM 172 Extra"]
[Source "ChessBase"]
[SourceDate "2016.06.21"]
[SourceVersion "1"]
[SourceVersionDate "2016.06.21"]
[SourceQuality "1"]

1. d4 Nf6 2. c4 e6 3. g3 c5 4. Nf3 b6 5. Bg2 Bb7 6. 0-0 cxd4 7. Nxd4 Bxg2 8. Kxg2 Qc7 9. b3 a6 10. Bb2 Qb7+ 11. f3 Be7 12. Nc3 0-0 13. e4 d6 14. Qe2 Re8 15. h3 Nbd7 16. Kh2 Nf8 17. f4 N6d7 18. Rad1 Rac8 19. h4 Rc5 20. Kh3 Qc8 21. Na4 Rc7 22. e5 dxe5 23. fxe5 Ng6 24. Nf3 h6 25. Nc3 Nc5 26. Ne4 Nxe4 27. Qxe4 Qb7 28. Qxb7 Rxb7 29. Rd3 Rc8 30. Rfd1 b5 31. Rd7 Rcc7 32. Rxc7 Rxc7 33. Rc1 bxc4 34. Rxc4 Rxc4 35. bxc4 h5 36. Kg2 Kf8 37. Kf2 Bc5+ 38. Ke2 Ne7 39. Bd4 Bb4 40. Kd3 1-0